[Event "Erandio op 28th"]
[Site "Erandio"]
[Date "2019.12.18"]
[Round "5"]
[White "Caballero Acosta, Erlantz"]
[Black "Meneses Arenas, Mikel"]
[Result "1-0"]
[WhiteElo "1721"]
[BlackElo "1813"]
[PlyCount "85"]
[EventDate "2019.12.14"]
[EventType "swiss"]
[EventRounds "8"]
[EventCountry "ESP"]
[SourceTitle "CBM 194 Extra"]
[Source "ChessBase"]
[SourceDate "2020.03.31"]
[SourceVersion "1"]
[SourceVersionDate "2020.03.31"]
[SourceQuality "1"]

1. e4 c5 2. Nc3 g6 3. Bc4 Nc6 4. f4 Bg7 5. Nf3 d6 6. 0-0 Bd7 7. d3 a6 8. a4 e6 9. Qe1 Nd4 10. Nxd4 Bxd4+ 11. Be3 Bg7 12. f5 Nf6 13. fxe6 fxe6 14. e5 Ng4 15. Kh1 Nxe5 16. Bb3 Qe7 17. Qg3 Nf7 18. Rae1 Be5 19. Bf4 0-0-0 20. Ne4 h6 21. Bxe5 Nxe5 22. Nxd6+ Qxd6 23. Qxe5 Qxe5 24. Rxe5 b6 25. Bxe6 Rhf8 26. Kg1 Rxf1+ 27. Kxf1 Rf8+ 28. Ke2 Kc7 29. Bxd7 Kxd7 30. b3 Kd6 31. Re3 Rf6 32. Rf3 Re6+ 33. Kd2 Kd5 34. c4+ Kd6 35. g4 Kd7 36. Rf7+ Kd6 37. Rf3 Kd7 38. h4 Kd6 39. Rf4 Kd7 40. Rf7+ Kd6 41. Rh7 Ke5 42. Rxh6 Kf4 43. h5 1-0

[Event "Getxo op 4th"]
[Site "Getxo"]
[Date "2019.09.10"]
[Round "4"]
[White "Galarza Docampo, Karmel"]
[Black "Caballero Acosta, Erlantz"]
[Result "0-1"]
[WhiteElo "1899"]
[BlackElo "1800"]
[PlyCount "70"]
[EventDate "2019.09.08"]
[EventType "swiss"]
[EventRounds "9"]
[EventCountry "ESP"]
[SourceTitle "EXT 2020"]
[Source "ChessBase"]
[SourceDate "2019.10.17"]
[SourceVersion "1"]
[SourceVersionDate "2019.10.17"]
[SourceQuality "1"]

1. d4 Nf6 2. c4 c5 3. d5 e6 4. Nc3 exd5 5. cxd5 Bd6 6. e4 Bc7 7. Bd3 d6 8. h3 Ba5 9. Bd2 0-0 10. Nge2 Nbd7 11. 0-0 Ne5 12. Bc2 Re8 13. f4 Nc4 14. Bc1 Bb6 15. b3 Na5 16. Kh1 Bc7 17. Bd3 a6 18. a4 Bd7 19. Qc2 Rb8 20. Ng3 b5 21. axb5 axb5 22. e5 dxe5 23. Nge4 Nxe4 24. Nxe4 c4 25. bxc4 bxc4 26. Be2 Nb3 27. Rb1 Nd4 28. Rxb8 Qxb8 29. Qd1 Nxe2 30. Qxe2 exf4 31. Rd1 f5 32. d6 Bxd6 33. Qxc4+ Be6 34. Qc6 fxe4 35. Rxd6 Rc8 0-1

[Event "Portugalete Bizkaia-ch U16"]
[Site "Portugalete"]
[Date "2017.12.27"]
[Round "1.12"]
[White "Caballero Acosta, Erlantz"]
[Black "Manzano Magdaleno, Aiala"]
[Result "1-0"]
[WhiteElo "1708"]
[BlackElo "1533"]
[PlyCount "61"]
[EventDate "2017.12.27"]
[EventType "swiss"]
[EventRounds "5"]
[EventCountry "ESP"]
[SourceTitle "EXT 2024"]
[Source "ChessBase"]
[SourceDate "2023.10.10"]
[SourceVersion "1"]
[SourceVersionDate "2023.10.10"]
[SourceQuality "1"]

1. e4 e5 2. Nf3 Nc6 3. Bb5 Bb4 4. 0-0 Nf6 5. Bxc6 bxc6 6. Nxe5 0-0 7. Re1 Bd6 8. Nf3 Bc5 9. d4 Bb4 10. c3 Ba5 11. Bg5 d5 12. e5 h6 13. Bh4 g5 14. Nxg5 hxg5 15. Bxg5 Bg4 16. Qd2 Qd7 17. Bxf6 Qf5 18. Qh6 Qh7 19. Qf4 Qf5 20. Qxf5 Bxf5 21. Re3 Kh7 22. Nd2 Bb6 23. Nf3 c5 24. Ng5+ Kg6 25. Rg3 Kh5 26. Nf3 cxd4 27. Rg5+ Kh6 28. Rxf5 dxc3 29. g4 cxb2 30. Rh5+ Kg6 31. Nh4# 1-0